01639nam a22004097a 4500003000500000005001700005008004100022010001000063011001000073035001000083040000900093090001000102100003700112245016200149260003900311300001100350502007500361590003700436590004100473590004100514590004100555590004100596590004200637650006300679650004800742650002800790650004000818650005400858700003800912700004600950700003700996901000701033942001001040949003501050999001701085952012701102CHAP20220329135530.0971013s1971 r 00010 d a38112 a39084 a43204 cCHAP aTesis00aQuiroz Chavolla, Alfonso.993516 aAnálisis preliminar de los servicios de información científica y técnica en México y de una política para su integración en un sistema nacional aMéxico, D. F. :bEl autor,c1971 a284 p. aTesis (Ing. Mécanico Electricista) -- UNAM. Facultad de Ingeniería aALEPHb10c20130110lUCH01h1304 aBATCH-UPDb10c20130110lUCH01h0052 aBATCH-UPDb10c20130110lUCH01h1622 aBATCH-UPDb10c20130410lUCH01h1016 aBATCH-UPDb10c20130914lUCH01h0237 aCONVERSIONb10c20130109lUCH01h132114aAlmacenamiento y recuperación de la información.9446214aCienciaxServicios de información.92313514aDocumentación.93317214aServicios de información.910533014aTecnologíaxServicios de información.91119560 aGuzmán Sánchez, Noé.9520160 aIzaguirre Viruez, Carlos Estuardo.9607410 aPérez Solorio, Roberto.990044 aBK cTESIS bBCcTESd-99161eTS1i43204si c38112d38112 00102local4051708TESISaBCbBCcPA_TESISd2012-12-17fTESISl0oTesisp-99161r2019-12-31 00:00:00w2019-12-31yTESIS